Ten Steps to a Result Based Monitoring and Evaluation System (Record no. 3113)

MARC details
000 -LEADER
fixed length control field 00347nam a22001337a 4500
008 - FIXED-LENGTH DATA ELEMENTS--GENERAL INFORMATION
fixed length control field 250423b |||||||| |||| 00| 0 eng d
020 ## - INTERNATIONAL STANDARD BOOK NUMBER
ISBN 0821358235
100 ## - MAIN ENTRY--AUTHOR
Author Rist Rag C.
245 ## - TITLE STATEMENT
Title Ten Steps to a Result Based Monitoring and Evaluation System
260 ## - PUBLICATION, DISTRIBUTION, ETC. (IMPRINT)
Place of publication USA
Name of publisher World Bank
Date of publication 2004
300 ## - COLLATION
Pagination 248p.
942 ## - ADDED ENTRY ELEMENTS (KOHA)
Item type Books
050 ## - LIBRARY OF CONGRESS CALL NUMBER
Classification number JF 1525
Item number .K87
Holdings
Source of classification or shelving scheme Not for loan Permanent location Current location Date acquired Accession No. Full call number Barcode. Koha item type
Library of Congress Classification   Samuel Ogbemudia Main Library, University of Abuja Samuel Ogbemudia Main Library, University of Abuja 04/23/2025 2005/28237 JF 1525.K87 2025-1531 Books